01720nam a2200325 a 450000100100000000500170001000800410002702000180006804000250008608200160011110000490012724500780017626000650025430000360031949000360035550000420039150000850043350000630051859000260058165000380060765000310064583000430067691000370071995201140075695201200087095201290099095201290111995201290124899900170137700004842420201002061137.0090703s2019 dr ac 000 f spa d a9789945457551 aDO-SdBNPbspacBNPHU a863.5bO66f1 aOrellana, Francisco Joséd1820-189197583810aFlor de Oro :b(Anacaona, reina de Jaragua) /cFrancisco José Orellana. aSanto Domingo :bSociedad Dominicana de Bibliófilo,c2019. a326 p. :bil., retrs. ;c24 cm.1 aBibliófilo 2000aHistoriav36 aIncluye notas al pie de las páginas aEsta es una impresión Fascimilar que reproduce las imperfecciones del original aIncluye datos biográficos del autor en la contracubierta aInventariado, 2019/VM 4aNovela historica española96177 4aLiteratura española9632 0aBibliófilo 2000pHistorian36975839 aValidado. Control de calidad MFF 0010718PDaPDbPDcHDd2019-03-14iLF1l0o863.5 O66fp48424-10r2020-06-25w2020-06-25yLFPDZNo se presta 0010718PDaPDbPDcHDd2019-03-14iLF1l0o863.5 O66fp48424-20r2020-06-25te. 2w2020-06-25yLFPDZNo se presta 001054708DSaPDbPDcHDd2019-03-14iLF1l0o863.5 O66fp48424-30r2020-06-25te. 3w2020-06-25yLFDSZPréstamo en sala 001054708DSaPDbPDcHDd2019-03-14iLF1l0o863.5 O66fp48424-40r2020-06-25te. 4w2020-06-25yLFDSZPréstamo en sala 001054708DSaPDbPDcHDd2019-03-14iLF1l0o863.5 O66fp48424-50r2020-06-25te. 5w2020-06-25yLFDSZPréstamo en sala c47912d47912